Dayanışma hakları (Record no. 6679)

MARC details
000 -BAŞLIK
Sabit Uzunlukta Kontrol Alanı 00946na a2200289 4500
001 - KONTROL NUMARASI
Denetim Alanı 15825
003 - KONTROL NUMARASI IDENTIFIER
Denetim Alanı MIRAKIL
005 - SON İŞLEM TARİHİ VE ZAMANI
Denetim Alanı 20181213155115.0
008 - SABİT-BOY VERİ ELEMANLARI - GENEL BİLGİLER
Sabit Uzunlukta Kontrol Alanı 160924b tu 000 0
020 ## - ULUSLARARASI STANDART KİTAP NUMARASI
Uluslararası Standart Kitap Numarası 9757669504
035 ## - SİSTEM KONTROL NUMARASI
Sistem Kontrol Numarası 15825
040 ## - KATALOGLAMA KAYNAK
Orijinal Kataloglama Ajansı Milas
Kataloglama Dili tur
Metne Dönüştürmek Ajansı TR-AnCHP
082 ## - DEWEY ONLU SINIFLANDIRMA NUMARASI
Sınıflandırma Numarası 323.09561
Ürün Numarası K21d 1996
090 ## - SINIFLAMA NUMARASI
Sınıflama Numarası 323.09561 K21d 1996
100 ## - ANA GİRİŞ - KİŞİSEL İSİM
Kişisel Ad Kaboğlu, İbrahim Ö.
245 ## - BAŞLIK TABLOSU
Başlık Dayanışma hakları
Sorumluluk Tablosu, Vb İbrahim Ö. Kaboğlu
260 ## - YAYIN, DAĞITIM, VB
Yayın, Dağıtım, Vb Yeri Ankara
Yayıncı, Dağıtıcı, Vs Adı Türkiye ve Orta Doğu Amme İdaresi Enstitüsü (TODAİE)
Yayın, Dağıtım, Vb Tarihi 1996
300 ## - FİZİKSEL TANIM
Kapsam 61 s.
Boyutlar 19 sm.
490 ## - SERİSİ TABLOSU
Seri Beyanı Türkiye ve Orta Doğu Amme İdaresi Enstitüsü yayınları
Hacim / Ardışık Tanımı 269
490 ## - SERİSİ TABLOSU
Seri Beyanı İnsan Hakları Araştırma ve Derleme Merkezi
Hacim / Ardışık Tanımı 11
490 ## - SERİSİ TABLOSU
Seri Beyanı İnsan Hakları ve Demokrasi Eğitimi Elkitapları dizisi
Hacim / Ardışık Tanımı 2
504 ## - KAYNAKÇA VB NOT
Kaynakça Vb Notu Kaynakça var.
650 ## - KONU KATMA GİRİŞ - TOPİKAL DÖNEM
Topikal Süreli Veya Coğrafi Ad Giriş Elemanı İnsan hakları
Genel Alt Bölümü Hukuk
650 ## - KONU KATMA GİRİŞ - TOPİKAL DÖNEM
Topikal Süreli Veya Coğrafi Ad Giriş Elemanı Hak ve özgürlükler
650 ## - KONU KATMA GİRİŞ - TOPİKAL DÖNEM
Topikal Süreli Veya Coğrafi Ad Giriş Elemanı Dayanışma hakları
942 ## - EKLENDİ GİRİŞ ELEMANLARI (KOHA)
Sınıflandırma Veya Raf Düzeni Kaynak Dewey Decimal Classification
Koha Öğesi Türü Books
999 ## - SİSTEM KONTROL NUMARALARI (KOHA)
Koha Biblionumber 6679
Koha Biblioitemnumber 6679
Holdings
Kalıcı Konum Mevcut Konum Edinme Tarihi Edinim Kaynak Toplam Check-Out'Lar Tam Çağrı Numarası Barkod Tarih Son Görülme İtibaren Geçerli Fiyatlar Koha Öğesi Türü Kopya Sayısı
CHP Kütüphanesi CHP Kütüphanesi 09/24/2016 Bağış   323.09561 K21d 1996 004159 09/24/2016 09/24/2016 Books  
CHP Kütüphanesi CHP Kütüphanesi 09/24/2016 Bağış   323.09561 K21d 1996 004160 09/24/2016 09/24/2016 Books k.2